Επιστήμη και κοινωνία
Αποθηκεύτηκε σε:
| Κύριος συγγραφέας: | |
|---|---|
| Μορφή: | Βιβλίο |
| Γλώσσα: | Greek |
| Δημοσίευση: |
Αθήνα :
Ι.Σ. Ζαχαρόπουλος,
c1975
|
| Θέματα: | |
| Ετικέτες: |
Προσθήκη ετικέτας
Δεν υπάρχουν, Καταχωρήστε ετικέτα πρώτοι!
|
MARC
| LEADER | 00000nam a2200000 i 4500 | ||
|---|---|---|---|
| 001 | 1/73934 | ||
| 008 | 960725s1975 gre d | ||
| 035 | |a 1987 |c Αγορά |l 10031653 | ||
| 040 | |a GR-MY-UA |b gre |e aacr | ||
| 041 | 0 | |a gre | |
| 082 | 0 | |a 501 | |
| 100 | 1 | |a Russell, Bertrand |d 1872-1970. | |
| 245 | 1 | 0 | |a Επιστήμη και κοινωνία / |c Bertrand Russel |
| 260 | |a Αθήνα : |b Ι.Σ. Ζαχαρόπουλος, |c c1975 | ||
| 300 | |a 131 σ. | ||
| 650 | 0 | 0 | |a Science |x Social aspects. |
| 650 | 0 | 0 | |a Science |x Philosophy. |
| 852 | |a INST |b RHODES |e 19960725 |h 501 RUS |p 005400001433 |q 005400001433 |t BK |y 0 | ||
| 909 | |a Ρ |b 004204 |c 1987 | ||